000 00528nam a22001457a 4500
003 BD-ChCU
005 20251218125453.0
008 251218b bg ||||| |||| 00| 0 ben d
040 _cBD-ChCU
082 _a181.112 কন1
100 _aআহমেদ, হেলাদ উদ্দিন
_eঅনুবাদক
_918342
245 _aকনফুসিয়াস-এর কথোপকথন /
_cহেলাল উদ্দিন আহমেদ
260 _bআগামী প্রকাশনী,
942 _2ddc
_cBK
_n0
999 _c110555
_d110555